| 000 | 00525nam a2200193 a 4500 | ||
|---|---|---|---|
| 005 | 20230602063644.0 | ||
| 008 | 991125m19641974es 000 0 spa u | ||
| 020 | _a8432201014 | ||
| 035 | _aUPN01000001393 | ||
| 049 | _aCG | ||
| 050 | 4 |
_aPQ7297 L4 _bA4 |
|
| 100 | 1 |
_aLeñero, Vicente, _d1933- |
|
| 245 | 1 | 4 |
_aLos albañiles / _cVicente Leñero. |
| 260 |
_aBarcelona, Esp. : _bSeix Barral, _c1964 (1974 impr.). |
||
| 300 | _a250 p. | ||
| 440 | 0 |
_aBiblioteca breve ; _v202 |
|
| 650 | 4 |
_aNovela mexicana _94557 |
|
| 905 | _aLibro | ||
| 999 |
_c1393 _d1393 |
||